000 00512nam a2200181Ia 4500
001 11552
005 20260306162836.0
008 260306t2010||||xx |||||||||||||| ||spa||
041 _aESP
082 _a985.08
_bA66
100 _aAranda Bustamante, Gilberto Cristián
_eAUT
245 0 _aMesías andinos:
_bcontinuidad y discontinuidad entre Velasco Alvarado, Fujimori y Ollanta Humala
260 _c2010
300 _a253 páginas :
_c23 cm.
650 _aGEN
654 _aCHU
942 _cLIB
_dJUS
_fJUS
_2ddc
_n
999 _c11552
_d11552